Bevölkerungsreichste Stadtteile von Köln - Statistiken

Allgemein
  • Dieses Quiz wurde 185 mal gespielt
  • Das Durchschnittsergebnis liegt bei 10 aus 20
Antwortstatistiken
Einwohner Stadtteil % Korrekt
24.128 Kalk
84%
38.406 Ehrenfeld
79%
36.725 Nippes
76%
30.692 Lindenthal
66%
42.634 Mülheim
65%
18.322 Altstadt Nord
63%
17.310 Rodenkirchen
62%
27.982 Altstadt Süd
61%
28.632 Neustadt Nord
59%
38.100 Neustadt Süd
59%
36.763 Sülz
58%
23.340 Zollstock
47%
20.125 Niehl
40%
24.226 Neuehrenfeld
39%
21.905 Dellbrück
37%
17.453 Weiden
37%
20.959 Holweide
30%
16.558 Bickendorf
19%
15.696 Bilderstöckchen
15%
15.744 Höhenhaus
10%
Keine übereinstimmenden Quizze gefunden
Verteilung der Resultate
Anzahl Personen mit jedem Resultat
Perzentil nach korrekt beantworteten Fragen
Ihre Resultats-Entwicklung
Sie haben dieses Quiz noch nicht gespielt